| 000 | 00831nam a2200277 i 4500 | ||
|---|---|---|---|
| 001 | bg | ||
| 100 | 1 |
_aKubik, Jan _d(1940- ). |
|
| 245 | 1 | 0 |
_aPodstawy fizyki budowli / _cJan Kubik. |
| 260 |
_aOpole : _bOficyna Wydawnicza Politechniki Opolskiej, _c2008. |
||
| 300 |
_a152 s. : _bil. ; _c24 cm. |
||
| 490 | 1 | _aPodręcznik Akademicki / Politechnika Opolska | |
| 504 | _aBibliogr. s. 147-148. | ||
| 546 | _aStreszcz. ang. | ||
| 650 | 9 |
_aBudownictwo _xfizyka |
|
| 655 | _aPodręczniki akademickie | ||
| 830 | 0 | _aPodręcznik Akademicki - Politechnika Opolska | |
| 015 | _aPB 13125/2009 | ||
| 020 | _a9788360691410 | ||
| 040 | _cBPK | ||
| 041 | 0 |
_apol _beng |
|
| 044 | _aPOL | ||
| 080 | _a624.01/.07:536.2:536.6:699.8](075.8) | ||
| 920 | _a978-83-60691-41-0 | ||
| 942 | _cKS | ||
| 008 | 090812s2009 pl a f f |000 0 pol | ||
| 999 |
_c56703 _d56703 |
||
| 856 |
_uhttp://koha.tu.koszalin.pl/cgi-bin/koha/opac-detail.pl?biblionumber=56703 _yKatalog online BPK |
||